000 00557nam a22001817a 4500
003 UA-OsUOA
001 6713
007 ta
008 20040507b un ||||| |||| 00| 0 ukr d
100 _aІсаєва Т.
942 _cSA
040 _aUA-OsUOA
_cUA-OsUOA
_dUA-OsUOA
245 _aТінь від Чорнобильського крила
_b[Наслідки Чорнобил. катастрофи]
300 _aС.4
955 _a0
773 0 _w0
_tВісті Рівненщини
_dРівне
_d2004
_g№41/30 квіт./
650 7 _aНаслідки
_2UDC
999 _c292874
_d292874